00583nam a22001697a 450000500170000001000150001702000270003203500140005903700140007308200120008710000210009924500810012026000550020127000890025630000250034550000430037020181217115525.0 aENG-124552 c1050.00a9789352808113 aEN-108084 bDBAD/PUB. a320.954 aRao, N. Bhaskara aSustainable good governance, development and democracy /cby N. Bhaskara Rao aNew DelhibSage Publications India Pvt. Ltd.c2019 aB1/I-1, Mohan Cooperative Industrial Area Mathura Road Post Bag 7bNew Delhie110044 axiv,285p.c21cm.(Hb) aIt includes index and about the author